عرض عادي عرض مارك
  • البريد الإلكتروني

مدخل مصطلح موضوعي

عدد التسجيلات المستخدمة في: 2

001 - رقم الضبط

  • حقل الضبط: 3416

003 - معرف رقم الضبط

  • حقل الضبط: OSt

005 - تاريخ ووقت أخر عملية

  • حقل الضبط: 20110827112935.0

008 - عناصر بيانات ثابتة الطول

  • حقل تحكم ثابت الطول: 110827|||a|||||| | ||| d

040 ## - مصدر الفهرسة

  • هيئة الفهرسة الأصلية: OSt
  • وكالة الكتابة: OSt

150 ## - مدخل-- مصطلح تاريخي

  • عنصر مدخل المصطلح الموضوعي او الاسم الجغرافي: البريد الإلكتروني

670 ## - بيانات المصدر موجوده

  • الاستشهاد بالمصدر: Work cat.: (OSt): لامبرت، جوان. 3230, Microsoft outlook 2010 خطوة خطوة , 2010 م.